Дитя-невидимка. Опасное лето. Мемуары папы Муми-тролля: повести-сказки; пер со шведск.

Bibliographic Details
Main Author: Янссон Т. Туве
Other Authors: Плахтинский С. Б. (переводчик)
Language:Russian
Published: Новосибирск, Наука, 1992
Subjects:
Format: Book
KOHA link:https://koha.lib.tpu.ru/cgi-bin/koha/opac-detail.pl?biblionumber=111739

MARC

LEADER 00000nam0a2200000 4500
001 111739
005 20231101215021.0
010 |a 5020304743 
020 |a RU  |b 91-44142 
035 |a (RuTPU)RU\TPU\book\120685 
090 |a 111739 
100 |a 20070320d1992 c y0rusy5003 ca 
101 1 |a rus  |c swe 
102 |a RU 
105 |a a z 000ay 
200 1 |a Дитя-невидимка. Опасное лето. Мемуары папы Муми-тролля  |e повести-сказки  |e пер со шведск.  |f Т. Янссон  |g пер. С. Б. Плахтинского 
210 |a Новосибирск  |c Наука  |d 1992 
215 |a 384 с.  |c ил. 
606 1 |a Шведская литература  |2 stltpush  |3 (RuTPU)RU\TPU\subj\19122  |9 44428 
610 1 |a повести 
610 1 |a сказки 
610 1 |a детская литература 
610 1 |a шведская литература 
610 1 |a приключения 
675 |a 839.7  |v 3 
700 1 |a Янссон  |b Т.  |g Туве  |4 070 
702 1 |a Плахтинский  |b С. Б.  |4 730 
801 0 |a RU  |b RuMRKP  |c 19950417  |g psbo 
801 1 |a RU  |b 63413507  |c 20070320  |g PSBO 
801 2 |a RU  |b 63413507  |c 20220131  |g PSBO 
942 |c BK